000 00773nab a2200265 a 4500
005 20210219162001.0
008 991125s1985 mx 000 0 spa u
035 _aUPN01000195627
100 1 _aRodríguez Angulo, Elsa
100 1 _urangulo@tunku.uady.mx
222 _aALTERIDADES
245 _aUn abordaje cualitativo de las defunciones maternas en Tizimín, Yucatán
260 _aMéxico
300 _a145-158
362 0 _a2012 Año 22, no. 43, ene.-jun.
653 0 _aMORTALIDAD MATERNA
653 0 _aSALUD MATERNA
653 0 _aEMBARAZO
653 0 _aTIZIMIN, YUCATAN
700 1 _aAndueza Pech, Guadalupe,
_ecoaut.
700 1 _uandueza@uady.mx
700 1 _aMontero Cervantes, Landy,
_ecoaut.
700 1 _umcervan@uady.mx
905 _aArticulo
999 _c167728
_d167728